Military justice handbook: the trial counsel and the defense counsel (Record no. 493836)

000 -LEADER
fixed length control field 00285cam a22000977a 4500
008 - FIXED-LENGTH DATA ELEMENTS--GENERAL INFORMATION
fixed length control field 180718b1962 xxu||||| |||| 00| 0 eng d
082 ## - DEWEY DECIMAL CLASSIFICATION NUMBER
Classification number N124x73 Un3
245 ## - TITLE STATEMENT
Title Military justice handbook: the trial counsel and the defense counsel
260 ## - PUBLICATION, DISTRIBUTION, ETC.
Place of publication, distribution, etc. Washington, D.C.
Name of publisher, distributor, etc.
Date of publication, distribution, etc. 1962
300 ## - PHYSICAL DESCRIPTION
Extent 144p.
Holdings
Withdrawn status Lost status Damaged status Not for loan Permanent Location Current Location Date acquired Full call number Barcode Date last seen Price effective from Koha item type
        Indian Institute of Public Administration Indian Institute of Public Administration 2018-08-04 N124x73 Un3 G4465 2018-08-04 2018-08-04 G

Powered by Koha